| 000 | 00455nam a2200157 a 4500 | ||
|---|---|---|---|
| 001 | 675 | ||
| 003 | CDMR | ||
| 005 | 20130918125131.0 | ||
| 008 | 130130s1907||||||||||||||||||||||||||||d | ||
| 040 |
_aCDMR _bcat _cCDMR |
||
| 100 | 1 |
_aCiges Aparicio, Manuel _9517 |
|
| 245 | 1 | 0 |
_aDel periódico y de la política _b: el libro de la decadencia |
| 260 |
_aMadrid _c1907 _bLibrería de los Sucesores de Hernando |
||
| 650 | 0 | 4 |
_93470 _aPremsa i política |
| 942 |
_cMON _2udc |
||
| 999 |
_c675 _d675 |
||